Chamber works. Vol. 3 /

Bibliographic Details
Main Author: Suk, Josef, 1874-1935
Corporate Author: Sukovo kvarteto (Performer)
Other Authors: Suk, Josef (Instrumentalist), Nováková, Jitka, 1959- (Instrumentalist), Vybíralová, Ludmila (Instrumentalist), Kosina, Miroslav (Violinist) (Instrumentalist), Krištůfek, Jaroslav (Instrumentalist), Mann, Zdeněk (Instrumentalist), Jerie, Marek (Instrumentalist), Host, František (Instrumentalist), Laniar, Ivo (Instrumentalist), Josífko, Tomáš (Instrumentalist), Válek, Jiří, 1923- (Instrumentalist), Kodadová, Renata (Instrumentalist), Hála, Josef (Instrumentalist), Panenka, Jan (Instrumentalist), Klánský, Ivan, 1948- (Instrumentalist), Fousek, Josef (Instrumentalist), Kubánek, Libor (Instrumentalist)
Format: CD Audio
Language:No linguistic content
Published: Czech Republic : Supraphon, [1993]
Subjects:

MARC

Tag First Indicator Second Indicator Subfields
LEADER 00000cjm a2200000Ia 4500
001 in00002335239
005 20151108045812.0
007 sd fungnn|||ee
008 940921p19931966xr zzn efi zxx d
028 0 2 |a 11 1533-2 111  |b Supraphon 
033 2 0 |a 19660215  |a 19920129  |b 6514  |c P5 
035 |a (OCoLC)ocm31149120 
035 |a (OCoLC)31149120 
040 |a CIX  |c CIX  |d OBE  |d OCL  |d OCLCQ  |d TXA  |d UtOrBLW 
041 0 |g cze  |g eng  |g fre  |g ger 
049 |a TXAM 
090 |a M5.S948  |b C43 1993 v.3 
100 1 |a Suk, Josef,  |d 1874-1935. 
240 1 0 |a Chamber music.  |k Selections 
245 1 0 |a Chamber works.  |n Vol. 3 /  |c Josef Suk. 
264 1 |a Czech Republic :  |b Supraphon,  |c [1993] 
264 4 |c ℗1993 
300 |a 1 sound disc (63 min.) :  |b digital, stereo. ;  |c 4 3/4 in. 
336 |a performed music  |b prm  |2 rdacontent 
337 |a audio  |b s  |2 rdamedia 
338 |a audio disc  |b sd  |2 rdacarrier 
511 0 |a Variously: Josef Suk, Jitka Nováková, Ludmila Vybíralová, Miroslav Kosina, Jaroslav Krištůfek, Zdeněk Mann, violin(s) ; Marek Jerie, František Host, Ivo Laniar, violoncellos ; Tomáš Josífko, double bass ; Suk Quartet ; Jiří Válek, flute ; Renata Kodadová, harp ; Josef Hála, piano and harmonium ; Jan Panenka, Ivan Klánský, piano ; Josef Fousek, Libor Kubánek, percussion. 
518 |a Recorded July 4, 1991, Feb. 15-17, 1966, May 3, 1990, June 5-9, 1978, Oct. 4, 1978, and Jan. 29, 1992, at the Domovina Studio, Prague, and Nov. 22 and 24, 1983, at the Dvořák Hall of Rudolfinum, Prague. 
500 |a Compact disc. 
500 |a Program notes in English, German, French, and Czech (34 pages : ill., ports.) inserted in container. 
505 0 |a Melody for 2 violins (2:12) -- Minuet for violin and piano (1:46) -- Ballad for violin and piano in D minor (8:43) -- Four pieces for violin and piano, op. 17 (18:03) -- Ballad for cello and piano in D minor, op. 3, no. 1 (5:23) -- Serenade for cello and piano in A major, op. 3, no. 2 (4:54) -- Bagatelle for flute, violin and piano "with nosegay in hand" (3:06) -- Barcarolle : III. Andante con moto from String quartet in D minor (3:22) -- Ballad for string quartet in D minor (4:43) -- Elegy for violin, cello, string quartet, harmonium and harp, op. 23 (6:05) -- Sousedská for 5 violins, double bass, cymbals, triangle, side and bass drum (3:33). 
500 |a Sound recording. 
650 0 |a Chamber music. 
700 1 |a Suk, Josef,  |e instrumentalist. 
700 1 |a Nováková, Jitka,  |d 1959-  |e instrumentalist. 
700 1 |a Vybíralová, Ludmila,  |e instrumentalist. 
700 1 |a Kosina, Miroslav  |c (Violinist),  |e instrumentalist. 
700 1 |a Krištůfek, Jaroslav,  |e instrumentalist. 
700 1 |a Mann, Zdeněk,  |e instrumentalist. 
700 1 |a Jerie, Marek,  |e instrumentalist. 
700 1 |a Host, František,  |e instrumentalist. 
700 1 |a Laniar, Ivo,  |e instrumentalist. 
700 1 |a Josífko, Tomáš,  |e instrumentalist. 
700 1 |a Válek, Jiří,  |d 1923-  |e instrumentalist. 
700 1 |a Kodadová, Renata,  |e instrumentalist. 
700 1 |a Hála, Josef,  |e instrumentalist. 
700 1 |a Panenka, Jan,  |e instrumentalist. 
700 1 |a Klánský, Ivan,  |d 1948-  |e instrumentalist. 
700 1 |a Fousek, Josef,  |e instrumentalist. 
700 1 |a Kubánek, Libor,  |e instrumentalist. 
700 1 2 |a Suk, Josef,  |d 1874-1935.  |t Skladby,  |m violin, piano,  |n op. 17. 
700 1 2 |a Suk, Josef,  |d 1874-1935.  |t Serenades,  |m cello, piano,  |n op. 3, no. 2,  |r A major. 
700 1 2 |a Suk, Josef,  |d 1874-1935.  |t Ballades,  |m cello, piano,  |n op. 3, no. 1,  |r D minor. 
700 1 2 |a Suk, Josef,  |d 1874-1935.  |t Quartets,  |m violins (2), viola, cello,  |r D minor.  |p Barkarola. 
700 1 2 |a Suk, Josef,  |d 1874-1935.  |t Minuet,  |m violin, piano. 
700 1 2 |a Suk, Josef,  |d 1874-1935.  |t Ballades,  |m violins (2), viola, cello,  |r D minor. 
700 1 2 |a Suk, Josef,  |d 1874-1935.  |t Bagatelles,  |m flute, violin, piano. 
700 1 2 |a Suk, Josef,  |d 1874-1935.  |t Sousedská. 
700 1 2 |a Suk, Josef,  |d 1874-1935.  |t Elegy,  |m harp, harmonium, strings,  |n op. 23. 
700 1 2 |a Suk, Josef,  |d 1874-1935.  |t Melody,  |m violins (2) 
700 1 2 |a Suk, Josef,  |d 1874-1935.  |t Ballades,  |m violin, piano,  |r D minor. 
710 2 |a Sukovo kvarteto,  |e performer. 
948 |a cataloged  |b h  |c 2007/10/25  |d c  |e cajsmith  |f 12:43:56 pm 
994 |a C0  |b TXA 
999 |a MARS 
999 f f |s 64e41cb4-ee6b-3018-821d-88b5365c1906  |i 005c82b7-1e70-3b78-baac-f95cc3244887  |t 0 
952 f f |p ric  |a Texas A&M University  |b Rellis Campus  |c Joint Library Facility  |d Remote Storage  |t 0  |e M5.S948 C43 1993 v.3  |h Library of Congress classification  |i audio -- audio disc  |m A14836613448 
998 f f |a M5.S948 C43 1993 v.3  |t 0  |l Remote Storage